| 000 | nam a22 7a 4500 | ||
|---|---|---|---|
| 999 |
_c126303 _d126303 |
||
| 008 | 170320b xxu||||| |||| 00| 0 eng d | ||
| 050 | _aBV4337.D321 | ||
| 100 |
_aFr. Robert DeGrandis, S.S.J. _929444 |
||
| 245 |
_aThe Healing Ministry _bLayperson's manual _cFr. Robert DeGrandis, S.S.J. |
||
| 260 |
_aUSA _cc1985 |
||
| 300 |
_a118p. ; _c21cm. |
||
| 610 |
_aBetty Tapscott _929445 |
||
| 942 |
_2lcc _cMONOGRAPH |
||